01102nam a2200253 a 450000100060000000300080000600500170001400800410003103500200007204000290009204100130012108200270013410000600016124502230022126000800044430000260052450400310055065000250058170000390060670000250064594200120067099900170068295201490069973048BD-RjUL20211209082337.0170527s1956 nyu b 000 0 eng d a(BD-RjUL) 73266 aDLCcNNHuCdBD-RjULbeng1 aenghger a616.8583223bNOU 19561 aSchrenck-Notzing, A. vonq(Albert),d1862-1929.921607814aThe use of hypnosis in psychopathia sexualis :bwith especial reference to contrary sexual instinct /cA. von Schrenck-Notzing; Authorized translation from the German by Charles Gilbert Chaddock. Introd. by Henry Guze. aNew York :bInstitute for Research in Hypnosis Publication Society,cc1956. axvi, 320 p. ;c25 cm. aBibliographical footnotes. 0aParaphilias.9216079 aChaddock, Charles Gilbert 9216080 aGuze, Henry 9216081 2ddccBK c73048d73048 00102ddc40718NFICaRUCLbRUCLcReadingd1957-05-17ePublishers united g4.14l0o616.8583 NOU 1956r2017-05-27 00:00:00tC-1w2021-12-09yBK